Justa causa para a ação penal : (Record no. 748)

MARC details
000 -LÍDER
Campo Fixo de Controle 00913nam a2200253 a 4500
001 - NÚMERO DE CONTROLE
Campo de Controle 748
003 - IDENTIFICAÇÃO DO NÚMERO DE CONTROLE
Campo de Controle BR-CuiBMT
005 - DATA E HORA DA ÚLTIMA ATUALIZAÇÃO
Campo de Controle 20231129160651.0
008 - DADOS FIXOS
Dados Fixos 231116s2001 spb 000 0 por d
020 ## - INTERNATIONAL STANDARD BOOK NUMBER
Nº do ISBN 8520321011
040 ## - AGÊNCIA CATALOGADORA
Código da Agência Catalogadora BR-CuiBMT
Agência que transcreveu o registro BR-CuiBMT
080 ## - Nº DA CLASSIFICAÇÃO DECIMAL UNIVERSAL
Nº edição CDU 2007
Nº Class. CDU 343.12
090 ## - NÚMERO DE CHAMADA
Nº classificação 343.12
Cutter M929j
100 1# - ENTRADA PRINCIPAL -- AUTOR PESSOAL
Nome pessoal Moura, Maria Thereza Rocha de Assis,
Datas associadas ao nome 1956-
245 10 - TÍTULO PRINCIPAL
Título principal Justa causa para a ação penal :
Subtítulo doutrina e jurisprudência /
Indicação de responsabilidade Maria Thereza Rocha de Assis Moura.
260 ## - PUBLICAÇÃO, DISTRIBUIÇÃO, ETC.
Local de publicação São Paulo :
Editora Revista dos Tribunais,
Data c2001.
300 ## - DESCRIÇÃO FÍSICA
N. páginas ou volumes 315 p. ;
Dimensões 21 cm
490 1# - INDICAÇÃO DE SÉRIE
Título da série Coleção de estudos de processo penal prof. Joaquim Canuto Mendes de Almeida ;
Volume/designação sequencial da série v. 5
504 ## - NOTA DE BIBLIOGRAFIA, ETC.
Nota de bibliografia Inclui bibliografia.
650 ## - ASSUNTO TÓPICO
Cabeçalho tópico ou nome geográfico Justa causa (Direito)
Subdivisão geográfica Brasil
650 ## - ASSUNTO TÓPICO
Cabeçalho tópico ou nome geográfico Processo penal
Subdivisão geográfica Brasil
830 #0 - ENTRADA SECUNDÁRIA DE SÉRIE -- TÍTULO UNIFORME
Título uniforme Coleção de estudos de processo penal prof. Joaquim Canuto Mendes de Almeida ;
Nº do volume/designação sequencial da série 4
942 ## - ELEMENTOS DE ENTRADA ADICIONAIS (KOHA)
Fonte de classificação ou esquema de arquivamento Classificação Decimal Universal
Tipo de item do Koha Livros
Holdings
Estado: removido Estado: perdido Fonte de classificação ou esquema de arquivamento Estado: danificado Indisponível para empréstimo Localização permanente Localização atual Data de aquisição Total Checkouts Número de Chamada completo Código de barras Date last seen Número do exemplar Preço efetivo a partir de Tipo de item (Koha)
    Classificação Decimal Universal     Biblioteca da Escola Superior de Contas do TCE/MT Biblioteca da Escola Superior de Contas do TCE/MT 16/11/2023   343.12 M929j BIBTCEMT23110633 16/11/2023 Ex. 1 16/11/2023 Livros

Powered by Koha